Ekonomický a sociálny rozvoj Slovenska medzinárodná vedecká konferencia : zborník príspevkov : Bratislava 6. novembra 2014

Bibliographic Details
Corporate Author: Ekonomický a sociálny rozvoj Slovenska Bratislava, Slovensko
Format: Conference Proceeding Software eBook
Language:Slovak
Czech
English
Polish
Russian
PhysicalDescription:1 elektronický optický disk (CD-ROM) fareb. 12 cm
Published: Bratislava Vysoká škola ekonómie a manažmentu verejnej správy 2014
ISBN:9788089654109 (elektronická kniha)
Subjects:

MARC

LEADER 00000nam a2200000 a 4500
001 vtls010638622
003 SK-MaSNL
005 20260425223341.0
007 co cg auuua
008 160429s2014 xo | fs 100 0 slo
015 |a SNBS2015 
020 |a 9788089654109 (elektronická kniha) 
040 |a SNK  |b slo  |c SNK  |e AACR2 
041 0 |a slo  |a cze  |a eng  |a pol  |a rus 
043 |a e-xo--- 
044 |a xo  |c SK 
072 7 |a 35  |x Verejná správa  |2 konspekt 
072 7 |a 332  |x Regionálna ekonómia, regionálna ekonomika  |2 konspekt 
080 |a 35  |2 2001 
080 |a 332.055.2  |2 2001 
080 |a 330.34  |2 2001 
080 |a 316.42  |2 2001 
080 |a 35.07  |2 2001 
080 |a 658.114  |2 2001 
080 |a (0.034.44)  |2 2001 
080 |a (062.534)  |2 2001 
080 |a (437.6)  |2 2001 
111 2 |a Ekonomický a sociálny rozvoj Slovenska  |d (2014 :  |c Bratislava, Slovensko)  |9 161886 
245 1 0 |a Ekonomický a sociálny rozvoj Slovenska  |h elektronický zdroj  |b medzinárodná vedecká konferencia : zborník príspevkov : Bratislava 6. novembra 2014 
260 |a Bratislava  |b Vysoká škola ekonómie a manažmentu verejnej správy  |c 2014 
300 |a 1 elektronický optický disk (CD-ROM)  |b fareb.  |c 12 cm 
500 |a Názov z titulnej obrazovky 
504 |a Bibliogr. odkazy 
516 |a Textový dokument (zborník), súbor vo formáte pdf 
538 |a Technické požiadavky: PDF prehliadač 
546 |a Text čiast. aj angl., čes., poľ. a rus. 
650 0 7 |a verejná správa  |2 SNKPH  |9 1538 
650 0 7 |a regionálny rozvoj  |2 SNKPH  |9 2352 
650 0 7 |a ekonomický rozvoj  |2 SNKPH  |9 49952 
650 0 7 |a sociálny rozvoj  |2 SNKPH  |9 67413 
650 0 7 |a manažment verejnej správy  |2 SNKPH  |9 68628 
650 0 7 |a podnikanie  |2 SNKPH  |9 1757 
650 0 7 |a Public administration  |2 SNKPHeng  |9 266247 
650 0 7 |a Regional development  |2 SNKPHeng  |9 98197 
650 0 7 |a Economic development  |2 SNKPHeng  |9 265578 
650 0 7 |a Social development  |2 SNKPHeng  |9 265994 
650 0 7 |a Public administration management  |2 SNKPHeng  |9 276235 
650 0 7 |a Business  |2 SNKPHeng  |9 268171 
651 7 |a Slovensko  |2 SNKPH  |9 14231 
651 7 |a Slovakia  |2 SNKPHeng  |9 92630 
655 7 |a elektronické zdroje  |2 SNKPH  |9 90954 
655 7 |a CD-ROM  |2 SNKPH  |9 70236 
655 7 |a zborníky konferencií  |2 SNKPH  |9 70153 
655 7 |a Electronic resources  |2 SNKPHeng  |9 175546 
655 7 |a Proceedings of conferences  |2 SNKPHeng  |9 265791 
919 |a 978-80-89654-10-9 
958 |a NB 
999 |c 583296  |d 585226 
952 |a SNK  |b SNK  |y PREZ  |7 0  |p 17A1120317  |o snkSCDM 6893  |i snk2014/26124  |8 0  |0 0  |1 0  |4 0  |d 2014-11-26  |l 0  |r 2026-02-23 14:59:02  |w 2026-02-23 
952 |t snkEKO 332.055.2  |a SNKMST  |b SNKMST  |y PREZ  |7 0  |p 17A1120318  |o snkSCDM 6893 D1  |i snk2014/26125  |8 0  |0 0  |1 0  |4 0  |d 2014-11-26  |l 0  |r 2025-08-12 00:00:00  |w 2026-02-23